| Tag |
First Indicator |
Second Indicator |
Subfields |
| LEADER |
00000cam a22000001i 4500 |
| 001 |
in00003982221 |
| 006 |
m d f |
| 007 |
cr bn mmmapmmp |
| 008 |
351025s1935 dcu o f000 0 eng d |
| 005 |
20250210231208.0 |
| 035 |
|
|
|a ebd1933016870
|
| 040 |
|
|
|a UMI
|c UMI
|e rda
|d UtOrBLW
|
| 086 |
0 |
|
|a LC 3.6/4:30/2
|
| 099 |
|
|
|a LC3.6_4..30_2
|
| 110 |
2 |
|
|a Library of Congress.
|b Copyright Office.
|0 http://id.loc.gov/authorities/names/n79117971
|
| 245 |
1 |
0 |
|a Catalog of copyright entries, part 4 :
|b Works of art, reproductions of a work of art, drawings or plastic works of a scientific or technical character, photographs, prints, and pictorial illustrations.
|
| 264 |
|
1 |
|a [Washington] :
|b [s.n.],
|c 1935.
|
| 300 |
|
|
|a 1 online resource (66 pages), digital, PDF file
|
| 336 |
|
|
|a text
|b txt
|2 rdacontent
|
| 337 |
|
|
|a computer
|b c
|2 rdamedia
|
| 338 |
|
|
|a online resource
|b cr
|2 rdacarrier
|
| 533 |
|
|
|a Electronic reproduction.
|b [Bethesda, Md.] :
|c ProQuest,
|d 2016
|e digital, PDF file.
|n ProQuest U.S. Executive Branch Documents
|n Mode of access: World Wide Web via ProQuest website.
|
| 588 |
|
|
|a Record is based on online resource; title from PDF title page (ProQuest, last viewed July 2016). Reuse except for individual research requires license from ProQuest, LLC.
|
| 650 |
|
0 |
|a Art.
|0 http://id.loc.gov/authorities/names/n83019674
|
| 650 |
|
0 |
|a Photography.
|0 http://id.loc.gov/authorities/subjects/sh85101206
|
| 856 |
4 |
0 |
|u http://proxy.library.tamu.edu/login?url=http://congressional.proquest.com/congressional/docview/t66.d71.lc3.6_4..30_2?
|y Electronic resource (PDF)
|t 0
|
| 999 |
f |
f |
|s 01fa21df-8935-30cd-a529-a08226cde072
|i b8aed7a4-4438-35e6-bfd1-5b2ccf0470b8
|t 0
|
| 952 |
f |
f |
|a Texas A&M University
|b College Station
|c Electronic Resources
|d Available Online
|t 0
|h No information provided
|
| 998 |
f |
f |
|t 0
|l Available Online
|